000 01438nam a22004090a 4500
001 PT22902
003 AR-LpoUNG
005 20210131233121.0
008 191001s2000||||ag |||||||||||||||||spa d
020 _a9504904203
_c$6
040 _aAR-LpoUNG
_bspa
_cAR-LpoUNG
_eaacr
041 _aspa
044 _aag
082 0 _a982.065 576paj
100 1 _aCiollaro, Noemí
245 1 0 _aPájaros sin luz :
_btestimonios de mujeres de desaparecidos
250 _a1ra ed.
260 _aBuenos Aires :
_bPlaneta,
_c2000.
300 _a345 p. :
_bil., gráfs.
520 _a<p>Recoge los testimonios de las mujeres de los desaparecidos como consecuencia de la dictadura del Proceso que asoló al país entre 1976 y 1983; muy distintas entre sí por su origen, formación, participación en la lucha y elaboración de la tragedia, pero unidas por un punto común: la pérdida y la dificultad para metabolizarla debido a que no hay una muerte declarada.</p>
650 4 _aANALISIS HISTORICO
650 4 _aANALISIS SOCIOLOGICO
650 4 _aARGENTINA
650 4 _aAUTORITARISMO
650 4 _aDERECHOS HUMANOS
650 4 _aDICTADURA
650 4 _aENTREVISTAS
650 4 _aGOBIERNO MILITAR
650 4 _aGOLPES DE ESTADO
650 4 _aIDEOLOGIAS POLITICAS
653 _aDESAPARECIDOS
653 _aMEMORIA COLECTIVA
653 _aREPRESION
700 1 _aBayer, Osvaldo
_epról.
905 _a22902
942 _cLIB
999 _c19259
_d19259